000 00776nam a2200217Ii 4500
003 JO-AjNU
008 230605s9999||||xx |||||||||||||| ||und||
017 _a199/9/1618
040 _aJO-AjNU
_bara
_erda
_cJO-AjNU
041 _aara
050 1 4 _aK247.Q83.1999
100 3 _aالقيام، خالد رشيد,
_eauthor
_946451
245 0 0 _aمقدمة في الأصول العامة لعلم لعلم القانون : المبادئ العامة لنظريتي القانون والحق
250 _aط1
264 3 1 _aد ، م : د ، ن ، 1999
300 _a345ص
336 _atext
_btxt
_2rdacontent
337 _aunmediated
_bn
_2rdamedia
338 _avolume
_bnc
_2rdacarrier
650 4 _aالعلوم الاجتماعية -- القانون المدني
_946452
999 _aA20208
_c23776
_d23776